000 03101ncm0a2200493 4500
001 RU\NLR\ONIZ\308329
005 20251214175225.0
035 _a(NLR Aleph) 022680272
071 3 0 _aЗак. № 190
090 _a13500562
_c13500562
100 _a20251016d1925 u y0rusy50 ca
101 0 _arus
102 _aRU
125 _aa|
128 _asg
145 0 _ac
200 1 _aЧи-фу-си
_bНоты
_e(Китаец и роза)
_e"Китаец нюхая розу..."
_e[для голоса с фортепиано]
_fмузыка Б. Прозоровского
203 _aМузыка
_bзнаковая
_bвизуальная
_cнепосредственная
210 _aБ. м.
_cиздание автора [Б. А. Прозоровский]
_aМосква
_cГублит
_gНотопеч. Музсектора Гиз'а
_eМосква
_d1925
215 _a36 с.
_cцв. ил.
_d36 см
225 1 _aПавлиний хвост
300 _aНа тит. л. ил. художника Н. Рогачёва (сигнатура НГ): изобр. павлин
300 _aНа тит. л. и послед. с. обл.: просп. сер.
313 _aСистематизация документа проведена по изданию - Методика классифицирования музыкальных произведений (нотных изданий) по таблицам Библиотечно-библиографических классификаций : метод. рекомендации / Гос. б-ка СССР им. В.И. Ленина.- М., 1977. Индексу ББК методических рекомендаций присваивается код ББК для научных библиотек - LBC/SL
606 1 _aВокальная музыка советская
_z20-е - 30-е гг. 20 в.
_jНоты
_2nlr_sh
606 1 _aМузыкальные произведения для голоса с фортепиано
_yСССР
_z20 в.
_jНоты
_2nlr_sh
606 1 _aЭстрадная музыка советская
_z20 век
_jНоты
_2nlr_sh
606 1 _aВарьете (НЭП)
_yСССР
_z20 в.
_jНоты
_2nlr_sh
606 1 _aМузыка кабаре
_yСССР
_z20 в.
_jНоты
_2nlr_sh
686 0 _aЩ943.4.-42-085(2)Варьете
686 0 _aЩ943.4.-42-076.2(2)Варьете
700 1 _9z01790
_aПрозоровский
_bБ. А.
_f1891-1937
_gБорис Алексеевич
_4230
_7ca
702 1 _9z02790
_aРогачев
_bН. И.
_cхудожник
_f1890-1953
_gНиколай Иванович
_4040
_7ca
712 0 2 _aПавлиний хвост
_cтворческое содружество, Москва
_4570
_7ca
790 1 _9z01700
_aProzorovskij
_bB. A.
_f1891-1937
_gBoris Alekseyevič
_4230
_7ba
790 1 _9z02702
_aRogačev
_bN. I.
_f1890-1953
_gNikolaj Ivanovič
_4040
_7ba
801 0 _aRU
_bNLR
_c20251016
_gPSBO
801 1 _aRU
_bNLR
_c20251016
_2rusmarc
801 2 _aRU
_bNLR
_c20251016
852 _aNLR
_gМ
_jК-4/6560
_m274237
_t1
942 _cSCORE
980 _aONIZ
980 _aNB